Spectral reflectance properties of natural formations.

Bibliographic Details
Main Author: Krinov, E. L.
Format: Book
Language:English
Russian
Published: Ottawa, [publisher not identified] ; 1953.
Series:National Research Council of Canada. Technical translation, 439
Subjects:

MARC

Tag First Indicator Second Indicator Subfields
LEADER 00000cam a2200000 4500
001 in00000042125
005 20151007070744.0
008 800531s1953 onca 00000 eng d
035 |a (OCoLC)06375322 
035 |9 AAE4647AM 
040 |a TXA  |c TXA  |d UtOrBLW 
041 1 |a eng  |a rus 
049 |a TXAM  |c [267579] 
050 0 |a QC911  |b .K7 1953 
092 |a 535.84  |b K92s 
100 1 |a Krinov, E. L. 
245 1 0 |a Spectral reflectance properties of natural formations. 
264 1 |a Ottawa,  |b [publisher not identified] ;  |c 1953. 
300 |a 268 pages :  |b illustrations 
336 |a text  |b txt  |2 rdacontent 
337 |a unmediated  |b n  |2 rdamedia 
338 |a volume  |b nc  |2 rdacarrier 
490 1 |a National Research Council of Canada. Technical translation,  |v 439 
500 |a This translation from the Russian lacks Introduction and Chapter I. 
650 0 |a Spectrum analysis. 
650 0 |a Light  |x Scattering. 
810 2 |a National Research Council of Canada.  |t Technical translation,  |v 439. 
999 |a MARS 
999 f f |s c1ea09ac-4d2d-3dfe-94ac-0a3b280bc5b7  |i 2eefcd54-040b-368f-a1b4-19c5a7343caf  |t 0 
952 f f |p ric  |a Texas A&M University  |b Rellis Campus  |c Joint Library Facility  |d Remote Storage  |t 0  |e QC911 .K7 1953  |h Library of Congress classification  |i unmediated -- volume  |m A14800918292 
998 f f |a QC911 .K7 1953  |t 0  |l Remote Storage